000 00695cab a2200229 4500
001 WB3405-12
008 090401t1998 xxu||||| |||| 00| 0 eng d
035 _a(Sirsi) u83549
041 _aeng
245 _aWarnings over 100% mortgages
260 _c1998
350 _a0
490 _aTimes
_v2 February 1998, 8(1)
520 _aMinisters have expressed their concern of return to the irresponsible lending practices of the 1980s with the growth of 100 per cent mortgages.
650 _aBANK LENDING
650 _aMORTGAGE LENDING
650 _aNEGATIVE EQUITY
650 _aREPOSSESSION
690 _aPROPERTY-PROPERTY FINANCE AND INVESTMENT
942 _n0
948 _c05/02/1998
999 _c52778
_d52778